Moralistas griegos. Marco Aurelio - Teofrasto - Epicteto - Cebes.

Guardado en:
Detalles Bibliográficos
Formato: Libro
Lenguaje:español
Publicado: Madrid, España: Aguilar, 1960.
Edición:Segunda edición.
Colección:Colección Crisol; 103.
Materias:
Etiquetas: Agregar Etiqueta
Sin Etiquetas, Sea el primero en etiquetar este registro!

MARC

LEADER 00000nam a2200000 a 4500
001 UCP9333
003 CL-VaPUC
005 20220822114500.0
008 000324e19600000SP |||||||||||||||||spa|d
999 |c 435971  |d 435969 
040 |c Pontificia Universidad Católica de Valparaíso 
082 0 4 |a 170 MOR 1960  |2 21 
245 1 0 |a Moralistas griegos.  |b Marco Aurelio - Teofrasto - Epicteto - Cebes.  
250 |a Segunda edición.  
260 |a Madrid, España:  |b Aguilar,   |c 1960.  
300 |a 561 páginas.  
490 |a Colección Crisol;   |v  103. 
500 |a c.1 Donación Familia Prof. Alejandro Guzmán Brito. 
583 |a last modification  |c 20000324 00:00:00  |k Cristina María Rojas Aguilar 
650 0 |a Filosofía moral   |9 310115 
650 0 |a Filosofía griega  |9 265579 
650 0 |a Filosofía antigua   |9 255705 
942 |c BK  |2 ddc  |n 0 
952 |0 0  |1 0  |2 ddc  |4 0  |6 170_000000000000000_MOR_1960  |7 0  |8 C_AGB  |9 583635  |a BIBDER  |b BIBDER  |d 2022-06-13  |e Donación   |i 5651762  |o 170 MOR 1960  |p 5651762  |r 2023-01-25  |t 1  |w 2022-06-13  |y BK_US  |k AGB